| 000 | 01614nab a2200229 i 4500 | ||
|---|---|---|---|
| 001 | 768714001 | ||
| 003 | CO-MdFUSB | ||
| 005 | 20240626090639.0 | ||
| 008 | 240626t1994 us ||||| |||| 00| 0 eng d | ||
| 040 |
_bspa _cCO-MdFUSB _dCO-MdFUSB |
||
| 041 | _aeng | ||
| 100 |
_aSteffen, Tom A., _d1947- _eautor |
||
| 245 |
_aSelecting a church planting model that works _c/ Tom A. Steffen |
||
| 520 | _aA diferencia de hace una década, ahora existe una gran cantidad de modelos de plantación de iglesias entre los cuales los plantadores de iglesias pueden elegir. Continúan saliendo nuevos modelos de las imprentas. Si bien la multiplicación de modelos proporciona nuevas y valiosas ideas sobre la ambigua tarea de plantar iglesias, también crea un nuevo dilema. ¿Cómo pueden los plantadores de iglesias seleccionar o diseñar un modelo de plantación de iglesias que coincida con un grupo étnico específico? Este artículo critica seis modelos de plantación de iglesias, investiga cómo la filosofía y la visión personal del plantador de iglesias impactan dicha selección y proporciona un modelo bidimensional para mostrar cómo explorar las opciones y elaborar un modelo efectivo de plantación de iglesias para un grupo étnico específico. | ||
| 546 | _aTexto en inglés. | ||
| 650 | 7 |
_aIglesia _9655 |
|
| 650 | 7 |
_aAntropología cultural y social _96714 |
|
| 650 | 0 |
_aEvangelización _9362 |
|
| 773 | 0 |
_049486 _961123 _d Pasadena _oR0891 _tMissiology: _w(CO-MdFUSB)97 _gVolumen 22, (número 3, 1994) páginas: 361 - 376 _qpágina: 361 |
|
| 942 | _cCR | ||
| 945 | _aCatherine Arias Álvarez - Practicante SENA | ||
| 999 |
_c70348 _d70348 |
||